| 000 | 00490nam a2200205Ia 4500 | ||
|---|---|---|---|
| 008 | 210210b2004 xxu||||| |||| 00| 0 eng d | ||
| 020 | _a81 8147 333 7 | ||
| 082 | _a620.8 MOOC | ||
| 100 | _aMOO-YOUNG (Murray). | ||
| 245 | _aComprehensive biotechnology. V1 | ||
| 250 | _a | ||
| 260 |
_aEngland _bPergamon Press. _c2004 |
||
| 300 | _axxv,688 | ||
| 440 | _a1 | ||
| 650 | _aV1 | ||
| 650 | _aComprehensive | ||
| 650 | _abiotechnology. | ||
| 690 | _aBiotechnology | ||
| 906 | _aSG04364 | ||
| 999 |
_c115325 _d115325 |
||